High - 5SOS (All Lyrics) - Statistics

General Stats
  • This quiz has been taken 157 times
  • The average score is 246 of 289
Answer Stats
High % Correct
Chorus | Outro | Pre-Chorus | Verse 2 I
99%
hope
97%
of
96%
think
96%
you
96%
high
95%
me
95%
When
94%
your
94%
you're
94%
a
93%
highly
93%
with
93%
else
91%
know
91%
someone
91%
the
91%
don't
90%
friends
90%
like
90%
want
90%
for
89%
themselves
89%
They
89%
to
88%
lie
86%
my
84%
But
83%
that
82%
down
81%
all
80%
letting
80%
need
80%
expectations
79%
i'm
79%
in
79%
stop
79%
meet
77%
picture
76%
see
76%
changing
75%
enough
75%
have
75%
never
75%
tell
75%
Verse 1 Today
74%
called
73%
I'll
73%
mind
73%
try
73%
respect
72%
And
71%
better
70%
is
70%
looks
70%
paint
70%
Post-Chorus Da
68%
da
68%
we
68%
night
67%
than
67%
heart
66%
last
66%
more
66%
were
66%
I've
63%
up
63%
been
61%
different
61%
hesitation
61%
step
61%
built
60%
every
60%
spaces
60%
waking
60%
take
58%
memories
57%
always
56%
miss
52%
mornings
52%
Now
46%
two
41%
Intro Check
17%
No matching quizzes found
Score Distribution
Percent of People with Each Score
Percentile by Number Answered
Your Score History
You have not taken this quiz